Multiple Choice City Quiz – El Pas de la Casa - Statistics

General Stats
  • This quiz has been taken 131 times
  • The average score is 5 of 10
Answer Stats
Question Answer % Correct
What makes El Pas de la Casa particularly attractive to French tourists? Its tax-free shopping
81%
What is special about the Envalira tunnel, linking Pas de la Casa to France? It's Europe's highest long tunnel.
63%
What does "El Pas de la Casa" mean in Catalan? The pass of the house
62%
Which of the following international sporting events has included a stage held in El Pas de la Casa? Tour de France
56%
What did a project abandoned in 2021 involve building at El Pas de la Casa? An airport
51%
What is the name of the Pas de la Casa ski resort? Grandvalira
47%
Who visited El Pas de la Casa in 1967? Charles de Gaulle
42%
Which of these pictures has been taken in El Pas de la Casa?
39%
What has El Pas de la Casa been asking for over the last few decades? Becoming an independent parish
37%
Which river rises at Pas de la Casa? Ariège
36%
No matching quizzes found
Score Distribution
Percent of People with Each Score
Percentile by Number Answered
Your Score History
You have not taken this quiz